Tvorba jako základní projev života : hmatové modelování - možnost tvořivého výtvarného projevu lidí se zrakovým postižením : absolventská práce Ungerová Eva ; vedoucí práce: Marie Lhotová
Record details
- Physical Description: 50 s.
Content descriptions
| General Note: | něm. resumé |
| Bibliography, etc. Note: | bibliogr. |
Available copies
- 2 of 2 copies available at Common Catalog SPOK.
Holds
- 0 current holds with 2 total copies.
Show Only Available Copies
| Location | Call Number / Copy Notes | Barcode | Shelving Location | Status | Due Date |
|---|---|---|---|---|---|
| Jabok Library | ABP-0804 | 424480014277 | Absolventské práce | Reference | - |
| Jabok Library | ABP-0805 | 424480014284 | Depozitář - Absolv. práce | Reference | - |
| LDR | 00748ntm a22 a 4500 | ||
|---|---|---|---|
| 001 | 13586 | ||
| 003 | CZ-PrJAB | ||
| 005 | 20120713114341.0 | ||
| 008 | 040820s2004 xr e |||| |cze | ||
| 009 | cz | ||
| 035 | . | ‡a(CONS)13586 | |
| 035 | . | ‡aKPS0013320 | |
| 041 | 0 | . | ‡acze |
| 100 | 1 | 1. | ‡710771 ‡aUngerová, Eva |
| 110 | 2. | ‡aJABOK - Vyšší sociálně pedagogická a teologická škola | |
| 245 | 1 | . | ‡aTvorba jako základní projev života : hmatové modelování - možnost tvořivého výtvarného projevu lidí se zrakovým postižením : ‡babsolventská práce ‡cUngerová Eva ; vedoucí práce: Marie Lhotová |
| 260 | . | ‡aPraha ‡c2004 | |
| 300 | . | ‡a50 s. | |
| 500 | . | ‡aněm. resumé | |
| 504 | . | ‡abibliogr. | |
| 653 | . | ‡atvorba ‡azrakově postižení ‡ahmatové modelování | |
| 700 | 1 | 1. | ‡74189 ‡aLhotová, Marie |
| 999 | . | ‡a804-d ‡c804-d ‡i424480014277 ‡tP | |
| 999 | . | ‡a805-d ‡c805-d ‡i424480014284 ‡tP | |
| 910 | . | ‡aABG312 | |
| 901 | . | ‡a13586 ‡bUnknown ‡c13586 ‡tbiblio | |